| 000 | 01304cam5a220021700 4500 | ||
|---|---|---|---|
| 001 | tmp15387364 | ||
| 003 | UPRA | ||
| 005 | 20190823102917.0 | ||
| 008 | 950801s1977 sz eng u | ||
| 035 | _a(Sirsi) r99836 | ||
| 035 | _a(UPRA)tmp15387364 | ||
| 040 | _cUPRA | ||
| 111 | 2 |
_aWorld Assembly on Law, Justice and Rehabilitation in the Presence of His Holiness Maharishi Mahesh Yogi (1st : 1977 : Seelisberg, Switzerland) _nWorld Assembly on Law, Justice and Rehabilitation in the Presence of His Holiness Maharishi Mahesh Yogi (1st : 1977 : Seelisberg, Switzerland) _dWorld Assembly on Law, Justice and Rehabilitation in the Presence of His Holiness Maharishi Mahesh Yogi (1st : 1977 : Seelisberg, Switzerland) _cWorld Assembly on Law, Justice and Rehabilitation in the Presence of His Holiness Maharishi Mahesh Yogi (1st : 1977 : Seelisberg, Switzerland) _6A58273.1 |
|
| 245 | 1 | 0 |
_aLaw, justice and rehabilitation : _b[proceedings ... ]. |
| 260 |
_a[Seelisberg : _bWorld Govt. of the Age of Enlightenment, _c1977] |
||
| 650 | 0 |
_aConsciousness -- Congresses. _xConsciousness -- Congresses. _6S44901.1 |
|
| 650 | 0 |
_aTranscendentalism -- Congresses. _xTranscendentalism -- Congresses. _6S44902.1 |
|
| 650 | 0 |
_aYogis. _6S44903.1 |
|
| 949 |
_aBF637 _wlcc _i-142345 _mMAIN _tBOOK _lON-SHELF |
||
| 004 | 99836 | ||
| 999 |
_c148485 _d148485 |
||